00306pab a2200121 454500008004000000100002100040245005100061260000900112300001100121362001200132650001100144773002900155180718b2012 xxu||||| |||| 00| 0 eng d aMisra, Ramesh C. aStrengthening budget executing for public good c2012 ap.1-8. aApr-Jun aBudget aManagement in Government